'IA' Utopia Quiz Stats

 Plays Quiz Updated Jul 6, 2018

Challenge
Share
Tweet
Embed
Score 0/13 Timer 03:00
6 Plays Today
Ending Countries % Correct
-BIAColombia, (The) Gambia, Namibia, Saudi Arabia, Serbia, Zambia
92.7%
-NIAAlbania, Armenia, Estonia, Lithuania, Macedonia, Mauritania, Romania, Slovenia, Tanzania
87.5%
-SIAIndonesia, Malaysia, Micronesia, Russia, Tunisia
87.2%
-VIABolivia, Latvia
85.9%
-RIAAlgeria, Austria, Bulgaria, Liberia, Nigeria, Syria
85.7%
-LIAAustralia, Mongolia, Somalia
79.6%
-DIACambodia, India
65.1%
-TIACroatia
63%
-KIASlovakia
61.5%
-GIAGeorgia
59.8%
-PIAEthiopia
43.9%
-HIACzechia
34.5%
-CIASaint Lucia
27.1%

You're not logged in!

Compare scores with friends on all Sporcle quizzes.
Join for Free
OR
Log In

You Might Also Like...

Show Comments

Extras

Top Quizzes Today


Score Distribution

Your Account Isn't Verified!

In order to create a playlist on Sporcle, you need to verify the email address you used during registration. Go to your Sporcle Settings to finish the process.

Report this User

Report this user for behavior that violates our Community Guidelines.

Details: